[Event "South Wales New Year Major"]
[Site "Bridgend"]
[Date "2020.01.04"]
[Round "3.1"]
[White "Williams, Stephen"]
[Black "Teague, David"]
[Result "0-1"]
[WhiteElo "1711"]
[BlackElo "1742"]
[PlyCount "84"]
[EventDate "2020.01.??"]
[EventType "swiss"]
[EventRounds "5"]
[EventCountry "WLS"]

1. d4 e6 2. c4 f5 3. Nc3 Nf6 4. e3 Be7 5. Bd3 O-O 6. Nge2 d6 7. Qc2 d5 8. O-O
Ne4 9. cxd5 exd5 10. a3 c6 11. Na4 Qe8 12. f3 Nd6 13. Nc5 b6 14. Na4 Kh8 15.
Bd2 Nc4 16. Bxc4 dxc4 17. Nac3 g5 18. Rac1 Rf6 19. e4 f4 20. Nb1 Rh6 21. g3 c5
22. d5 Qh5 23. Rf2 fxg3 24. Nxg3 Qh4 25. Bc3+ Kg8 26. Re1 Qf4 27. Bd2 Qd6 28.
Qxc4 Bf6 29. b4 Be5 30. bxc5 bxc5 31. Bxg5 Bxg3 32. Bxh6 Bxf2+ 33. Kxf2 Qxh2+
34. Ke3 Qxh6+ 35. f4 Qh3+ 36. Kd2 Ba6 37. Rg1+ Kf7 38. Qxc5 Qd3+ 39. Kc1 Nd7
40. Rg7+ Kxg7 41. Qe7+ Kh8 42. Qxd7 Rc8+ 0-1

[Event "South Wales New Year Major"]
[Site "Bridgend"]
[Date "2020.01.04"]
[Round "3.2"]
[White "Burgoyne, Peter"]
[Black "Davies, Milo"]
[Result "1/2-1/2"]
[WhiteElo "1822"]
[BlackElo "1391"]
[PlyCount "52"]
[EventDate "2020.01.??"]
[EventType "swiss"]
[EventRounds "5"]
[EventCountry "WLS"]

1. e4 d5 2. exd5 Qxd5 3. Nf3 Nf6 4. Be2 Nc6 5. O-O Bg4 6. d4 O-O-O 7. c4 Qd7 8.
d5 Bxf3 9. Bxf3 Ne5 10. Qe2 Nxf3+ 11. Qxf3 e6 12. Nc3 exd5 13. Bg5 dxc4 14.
Rad1 Qe8 15. Rxd8+ Qxd8 16. Rd1 Bd6 17. Ne4 Re8 18. Nxf6 gxf6 19. Bxf6 Qd7 20.
Bc3 Qe7 21. g3 Qe2 22. Qf5+ Re6 23. Re1 Qd3 24. Qh3 Qg6 25. Rxe6 fxe6 26. Qh4
b5 1/2-1/2

[Event "South Wales New Year Major"]
[Site "Bridgend"]
[Date "2020.01.04"]
[Round "3.3"]
[White "Borkowski, Andrew"]
[Black "Parri, Deio"]
[Result "1-0"]
[WhiteElo "1806"]
[BlackElo "1622"]
[PlyCount "30"]
[EventDate "2020.01.??"]
[EventType "swiss"]
[EventRounds "5"]
[EventCountry "WLS"]

1. d4 d5 2. Nf3 Nf6 3. e3 e6 4. Ne5 c5 5. c3 Nc6 6. f4 Be7 7. Bd3 Qc7 8. Nd2 a6
9. a4 b6 10. O-O Bb7 11. Qf3 g6 12. Qh3 Bd6 13. Ndf3 O-O-O 14. Bd2 Rdg8 15. Ng5
Nd8 1-0

[Event "South Wales New Year Major"]
[Site "Bridgend"]
[Date "2020.01.04"]
[Round "3.4"]
[White "Peters, Chris"]
[Black "Dodington, Russell"]
[Result "1/2-1/2"]
[WhiteElo "1542"]
[BlackElo "1692"]
[PlyCount "37"]
[EventDate "2020.01.??"]
[EventType "swiss"]
[EventRounds "5"]
[EventCountry "WLS"]

1. e4 Nf6 2. Bc4 e5 3. Nc3 Nc6 4. Nf3 Be7 5. d4 exd4 6. Nxd4 d6 7. O-O O-O 8.
Re1 Nxd4 9. Qxd4 Be6 10. Nd5 Nxd5 11. Bxd5 Bf6 12. Qd3 Bxd5 13. exd5 Qd7 14.
Rb1 Rfe8 15. Bd2 Qa4 16. Qb3 Qxb3 17. axb3 Rxe1+ 18. Bxe1 Re8 19. Kf1 1/2-1/2

[Event "South Wales New Year Major"]
[Site "Bridgend"]
[Date "2020.01.04"]
[Round "3.5"]
[White "Havard, Gwyn"]
[Black "Harding, Gareth"]
[Result "1/2-1/2"]
[WhiteElo "1622"]
[BlackElo "1557"]
[PlyCount "43"]
[EventDate "2020.01.??"]
[EventType "swiss"]
[EventRounds "5"]
[EventCountry "WLS"]

1. e4 e6 2. d4 d5 3. exd5 exd5 4. Bd3 Bd6 5. Ne2 Ne7 6. Bf4 O-O 7. Nd2 Bf5 8.
Nf3 Bxd3 9. Qxd3 Ng6 10. Bg3 c6 11. O-O-O Na6 12. a3 b5 13. h4 Nc7 14. h5 Ne7
15. h6 g6 16. Be5 Bxe5 17. Nxe5 a5 18. f4 a4 19. g4 f6 20. Nf3 Qd6 21. c3 Rae8
22. Rde1 1/2-1/2

[Event "South Wales New Year Major"]
[Site "Bridgend"]
[Date "2020.01.04"]
[Round "3.6"]
[White "Penny, Liam"]
[Black "Probert, Malcolm"]
[Result "1/2-1/2"]
[WhiteElo "1739"]
[BlackElo "1584"]
[PlyCount "50"]
[EventDate "2020.01.??"]
[EventType "swiss"]
[EventRounds "5"]
[EventCountry "WLS"]

1. d4 d5 2. Nf3 Nf6 3. e3 g6 4. c4 c6 5. Nc3 Bg7 6. cxd5 cxd5 7. Qb3 O-O 8. Bd3
b6 9. O-O Bb7 10. Bd2 Nc6 11. Rac1 e6 12. Bb5 Rc8 13. Bxc6 Rxc6 14. Ne5 Rc8 15.
Nb5 a6 16. Rxc8 Bxc8 17. Na7 Bb7 18. Bb4 Re8 19. Rc1 b5 20. Nac6 Bxc6 21. Nxc6
Qd7 22. Ba5 Bf8 23. Ne5 Rc8 24. Rc2 Qb7 25. Nd3 Nd7 1/2-1/2

[Event "South Wales New Year Major"]
[Site "Bridgend"]
[Date "2020.01.04"]
[Round "3.7"]
[White "Abraham, Ian"]
[Black "Chung, Daniel"]
[Result "0-1"]
[WhiteElo "1515"]
[BlackElo "1642"]
[PlyCount "63"]
[EventDate "2020.01.??"]
[EventType "swiss"]
[EventRounds "5"]
[EventCountry "WLS"]

1. Nf3 d5 2. d4 e6 3. e3 c5 4. c3 Nf6 5. Bd3 c4 6. Bc2 Nc6 7. Nbd2 b5 8. O-O
Bd7 9. e4 dxe4 10. Nxe4 Nxe4 11. Bxe4 Be7 12. Ne5 Rc8 13. Qf3 Nxe5 14. dxe5 O-O
15. Qg3 Re8 16. h4 Bxh4 17. Qh3 g6 18. g3 Bg5 19. Bxg5 Qxg5 20. f4 Qe7 21. g4
Rc7 22. Kg2 f5 23. exf6 Qxf6 24. Qf3 Rf8 25. Rae1 Bc8 26. Qe2 Rcf7 27. Rf3 Qh4
28. Rh3 Qe7 29. Reh1 Bb7 30. Kg3 Bxe4 31. Qxe4 Qf6 32. Rf1 0-1

[Event "South Wales New Year Major"]
[Site "Bridgend"]
[Date "2020.01.04"]
[Round "3.8"]
[White "Smith, Chris"]
[Black "Blackmore, Simon"]
[Result "0-1"]
[WhiteElo "1486"]
[BlackElo "1620"]
[PlyCount "92"]
[EventDate "2020.01.??"]
[EventType "swiss"]
[EventRounds "5"]
[EventCountry "WLS"]

1. d4 d5 2. c4 e5 3. dxe5 d4 4. Nf3 Nc6 5. g3 Be6 6. b3 Bf5 7. Bg2 Nb4 8. Nxd4
Qxd4 9. Qxd4 Nc2+ 10. Kf1 Nxd4 11. Nc3 O-O-O 12. Bf4 Bb4 13. Nd5 Nc2 14. Rd1 c6
15. e4 Be6 16. Rc1 cxd5 17. cxd5 Bxd5 18. Rxc2+ Bc6 19. Bh3+ Kb8 20. Bg2 Bb5+
21. Kg1 Rd1+ 22. Bf1 Ne7 23. Kg2 Bxf1+ 24. Rxf1 Rxf1 25. Kxf1 Ka8 26. Rc7 Rf8
27. a4 Ng6 28. e6 Nxf4 29. gxf4 Kb8 30. Rxf7 Rxf7 31. exf7 Kc7 32. Ke2 Kd7 33.
Kd3 Ke6 34. Kd4 b6 35. f5+ Kxf7 36. Kd5 Kf6 37. Kc4 a5 38. Kd5 h5 39. f3 Bc5
40. Kc4 Ke5 41. Kd3 h4 42. h3 Kf4 43. Ke2 Kg3 44. e5 Kxh3 45. f6 gxf6 46. exf6
Kg2 0-1

[Event "South Wales New Year Major"]
[Site "Bridgend"]
[Date "2020.01.04"]
[Round "3.9"]
[White "Wu, Yuxuan"]
[Black "Davies, Tom"]
[Result "0-1"]
[WhiteElo "1440"]
[BlackElo "1516"]
[PlyCount "127"]
[EventDate "2020.01.??"]
[EventType "swiss"]
[EventRounds "5"]
[EventCountry "WLS"]

1. c4 e5 2. g3 Nf6 3. Bg2 Nc6 4. Nc3 Bb4 5. Nf3 O-O 6. O-O d6 7. Rb1 Be6 8. d3
Qd7 9. Bd2 Bxc3 10. bxc3 b6 11. Ng5 h6 12. Nxe6 fxe6 13. Qa4 d5 14. cxd5 exd5
15. c4 Rf7 16. cxd5 Nxd5 17. Qc4 Nce7 18. Bf3 Raf8 19. Bh5 g6 20. Bg4 Qd6 21.
Bxh6 Re8 22. e4 Rh7 23. Bg5 Qc6 24. exd5 Qxc4 25. Be6+ Kf8 26. dxc4 Nf5 27.
Bxf5 gxf5 28. Rfe1 Kf7 29. h4 Kg6 30. Kg2 Kh5 31. Re2 Rd7 32. f3 e4 33. fxe4
fxe4 34. Rbe1 c6 35. dxc6 Rd4 36. Rc1 Rc8 37. Bf6 Rd3 38. Rxe4 Rd2+ 39. Kh3
Rxc6 40. Bg5 Rxa2 41. Rce1 Kg6 42. Re6+ Rxe6 43. Rxe6+ Kf7 44. Re7+ Kg6 45. Kg4
Rh2 46. Rxa7 (46. h5+ Rxh5 47. Re6+ Kf7 48. Rf6+ Kg7 49. Kxh5) 46... Rh1 47.
Rb7 Rh2 48. Rxb6+ Kf7 49. c5 Rc2 50. Rc6 Rc4+ 51. Bf4 Ke7 52. Rc7+ Kd8 53. h5
Re4 54. h6 Re8 55. Rg7 Rh8 56. h7 Rxh7 57. Rxh7 Kc8 58. Kf5 Kd8 59. Ke6 Kc8 60.
Kd6 Kb8 61. Kc6+ Ka8 62. Bc1 Kb8 63. Rg7 Ka8 64. Kb6 0-1

[Event "South Wales New Year Major"]
[Site "Bridgend"]
[Date "2020.01.04"]
[Round "3.10"]
[White "Mason, Ed"]
[Black "Di-Vetta, Andrew"]
[Result "0-1"]
[WhiteElo "1490"]
[BlackElo "1835"]
[PlyCount "40"]
[EventDate "2020.01.??"]
[EventType "swiss"]
[EventRounds "5"]
[EventCountry "WLS"]

1. e4 c5 2. Nf3 d6 3. d4 cxd4 4. Nxd4 Nf6 5. Nc3 a6 6. Be3 e5 7. Nb3 Be6 8. Bg5
Nbd7 9. Be2 h6 10. Bh4 Be7 11. g4 Rc8 12. g5 Nh7 13. g6 Bxh4 14. gxh7 Qb6 15.
Rf1 Rxc3 16. bxc3 Bh3 17. Qd2 Bxf1 18. Bxf1 Rxh7 19. O-O-O Bg5 20. f4 Bxf4 0-1

[Event "South Wales New Year Major"]
[Site "Bridgend"]
[Date "2020.01.04"]
[Round "3.11"]
[White "Wang, Andy"]
[Black "Hurn, Bob"]
[Result "1/2-1/2"]
[WhiteElo "1438"]
[BlackElo "1697"]
[PlyCount "79"]
[EventDate "2020.01.??"]
[EventType "swiss"]
[EventRounds "5"]
[EventCountry "WLS"]

1. d4 Nf6 2. Bf4 d6 3. Nf3 Nc6 4. e3 g6 5. c4 Bg7 6. Nc3 O-O 7. Bd3 Re8 8. O-O
e5 9. dxe5 dxe5 10. Bg5 Qd7 11. Ne4 Nxe4 12. Bxe4 Qxd1 13. Rfxd1 Be6 14. b3 f6
15. Bh4 g5 16. Bg3 Rad8 17. h3 Bf8 18. Ne1 Kg7 19. Nc2 Bc8 20. Bf3 Ne7 21. e4
Kg6 22. Ne3 c6 23. Rac1 Be6 24. Rxd8 Rxd8 25. Rd1 Rd4 26. Kf1 h5 27. Nc2 Rxd1+
28. Bxd1 Nc8 29. f3 Bc5 30. Bf2 Bxf2 31. Kxf2 Ne7 32. Ne3 f5 33. exf5+ Nxf5 34.
Bc2 Kf6 35. Bxf5 Bxf5 36. Nxf5 Kxf5 37. Ke3 h4 38. c5 b6 39. cxb6 axb6 40. a3
1/2-1/2

[Event "South Wales New Year Major"]
[Site "Bridgend"]
[Date "2020.01.04"]
[Round "3.12"]
[White "Davies, Gareth"]
[Black "Williams, David"]
[Result "1/2-1/2"]
[WhiteElo "1380"]
[BlackElo "1651"]
[PlyCount "78"]
[EventDate "2020.01.??"]
[EventType "swiss"]
[EventRounds "5"]
[EventCountry "WLS"]

1. d4 Nf6 2. Bg5 d5 3. Nd2 e6 4. e3 Be7 5. Bd3 h6 6. Bh4 Nbd7 7. Ngf3 b6 8. Qe2
Bb7 9. Bb5 a6 10. Ba4 O-O 11. O-O c5 12. c3 Rc8 13. Rfe1 Ne4 14. Bxe7 Qxe7 15.
Bc2 Rc7 16. Bd3 Nxd2 17. Nxd2 c4 18. Bc2 b5 19. a3 a5 20. e4 Rfc8 21. e5 Bc6
22. f4 Nf8 23. Nf3 Bd7 24. Qf2 Rb7 25. Qd2 Rcb8 26. Rf1 b4 27. axb4 axb4 28.
Ba4 bxc3 29. bxc3 Bxa4 30. Rxa4 Rb2 31. Qe3 Qb7 32. Ne1 Qd7 33. Ra1 R8b3 34.
Rf3 Rb1 35. Rxb1 Rxb1 36. Rf2 Qa4 37. Rd2 Qa1 38. Kf2 Rb3 39. Rc2 Qa3 1/2-1/2

[Event "South Wales New Year Major"]
[Site "Bridgend"]
[Date "2020.01.04"]
[Round "3.13"]
[White "Owen, Bob"]
[Black "Chwieseni, Edd"]
[Result "0-1"]
[WhiteElo "1303"]
[BlackElo "1615"]
[PlyCount "124"]
[EventDate "2020.01.??"]
[EventType "swiss"]
[EventRounds "5"]
[EventCountry "WLS"]

1. d4 Nf6 2. e3 g6 3. Bd3 Bg7 4. f4 O-O 5. Nf3 d6 6. O-O Bg4 7. c3 Nbd7 8. Nbd2
e5 9. Be2 e4 10. Ne1 Be6 11. Rf2 Nd5 12. Nf1 f5 13. c4 N5f6 14. d5 Bf7 15. Bd2
c5 16. b3 Nxd5 17. cxd5 Bxa1 18. Qxa1 Bxd5 19. Bc4 Bxc4 20. bxc4 b6 21. a4 Qf6
22. Bc3 Qe6 23. h3 Rf7 24. Nh2 h5 25. g3 Kh7 26. Qa2 Rg8 27. Rg2 g5 28. Qe2 g4
29. hxg4 hxg4 30. Nf1 Rg6 31. Rh2+ Rh6 32. Rxh6+ Qxh6 33. Ng2 Kg8 34. Nh4 Qe6
35. Nd2 Nf8 36. Nb1 Ng6 37. Be1 Nxh4 38. gxh4 d5 39. cxd5 Qxd5 40. Nc3 Qd3 41.
Kf2 a6 42. Qxd3 exd3 43. Bd2 Rd7 44. e4 fxe4 45. Nxe4 Kg7 46. Kg3 Rc7 47. Kxg4
b5 48. axb5 axb5 49. f5 b4 50. h5 b3 51. h6+ Kf8 52. Bc3 c4 53. Kg5 Rb7 54. Bb2
Rc7 55. Kg6 d2 56. Nc3 Kg8 57. f6 Rf7 58. Nd1 Rd7 59. f7+ Rxf7 60. Bg7 Rxg7+
61. hxg7 b2 62. Nxb2 c3 0-1

[Event "South Wales New Year Major"]
[Site "Bridgend"]
[Date "2020.01.04"]
[Round "3.14"]
[White "Loog, Tiiu"]
[Black "Gamare, Swar"]
[Result "1-0"]
[WhiteElo "1398"]
[BlackElo "850"]
[PlyCount "65"]
[EventDate "2020.01.??"]
[EventType "swiss"]
[EventRounds "5"]
[EventCountry "WLS"]

1. e4 e5 2. Nf3 Nc6 3. d4 Be7 4. dxe5 d6 5. exd6 Bxd6 6. Bd3 Nf6 7. O-O Bg4 8.
h3 Bh5 9. Nbd2 Qd7 10. Qe1 O-O-O 11. a3 Rhe8 12. Nh2 Bxh2+ 13. Kxh2 Qd6+ 14.
Kh1 Bg4 15. hxg4 Nxg4 16. Nf3 Nd4 17. e5 Qg6 18. Bxg6 Nxf3 19. gxf3 Rxe5 20.
Qc3 Re2 21. Bf5+ Rd7 22. Bxd7+ Kxd7 23. Qd3+ Kc8 24. Qxe2 b6 25. fxg4 g6 26.
Bf4 h5 27. gxh5 gxh5 28. Qxh5 Kb7 29. Qxf7 a5 30. b4 a4 31. b5 Kb8 32. Qxc7+
Ka8 33. Qb8# 1-0

[Event "South Wales New Year Major"]
[Site "Bridgend"]
[Date "2020.01.05"]
[Round "4.1"]
[White "Teague, David"]
[Black "Borkowski, Andrew"]
[Result "1-0"]
[WhiteElo "1742"]
[BlackElo "1806"]
[PlyCount "75"]
[EventDate "2020.01.??"]
[EventType "swiss"]
[EventRounds "5"]
[EventCountry "WLS"]

1. e4 d6 2. d4 e5 3. Nf3 exd4 4. Nxd4 Nf6 5. Nc3 Be7 6. Bf4 O-O 7. Be2 Re8 8.
g4 Bf8 9. f3 Nc6 10. h4 Nd7 11. Qd2 Nxd4 12. Qxd4 a6 13. g5 Ne5 14. Be3 b5 15.
h5 Bb7 16. O-O-O c5 {Draw?.} 17. Qd2 Qa5 18. Kb1 Rab8 19. Rdg1 d5 20. exd5 Rbd8
21. g6 Bxd5 22. Qc1 Be6 23. f4 Nc4 24. f5 Nxe3 25. fxe6 Rxe6 26. Bg4 f5 27.
gxh7+ Kh8 28. Bf3 f4 29. h6 Qc7 30. Rg5 Nc4 31. hxg7+ Bxg7 32. Bd5 Re7 33. Bxc4
bxc4 34. Nd5 Qb7 35. Nxe7 Qxe7 36. Qxf4 Qb7 37. Qc1 Bxb2 38. Qxb2+ 1-0

[Event "South Wales New Year Major"]
[Site "Bridgend"]
[Date "2020.01.05"]
[Round "4.2"]
[White "Probert, Malcolm"]
[Black "Burgoyne, Peter"]
[Result "1/2-1/2"]
[WhiteElo "1584"]
[BlackElo "1822"]
[PlyCount "74"]
[EventDate "2020.01.??"]
[EventType "swiss"]
[EventRounds "5"]
[EventCountry "WLS"]

1. Nf3 c5 2. c4 Nc6 3. g3 g6 4. Bg2 Bg7 5. O-O e6 6. Nc3 Nge7 7. Rb1 O-O 8. a3
d5 9. d3 d4 10. Ne4 b6 11. Bf4 e5 12. Bg5 f5 13. Ned2 Rb8 14. b4 h6 15. Bxe7
Qxe7 16. Nh4 Qf6 17. bxc5 Ne7 18. cxb6 axb6 19. a4 g5 20. Nhf3 Bb7 21. Qb3 g4
22. Nh4 Bxg2 23. Nxg2 Kh7 24. Qc2 Rfc8 25. Rb5 Nc6 26. Rfb1 Na7 27. R5b4 Bf8
28. R4b3 Qc6 29. Qb2 Bc5 30. a5 Re8 31. axb6 Nc8 32. b7 Nd6 33. Ne1 Re7 34. Nc2
Rexb7 35. Qa2 Ra7 36. Qb2 Rab7 37. Qa2 Ra7 1/2-1/2

[Event "South Wales New Year Major"]
[Site "Bridgend"]
[Date "2020.01.05"]
[Round "4.3"]
[White "Harding, Gareth"]
[Black "Williams, Stephen"]
[Result "1-0"]
[WhiteElo "1557"]
[BlackElo "1711"]
[PlyCount "75"]
[EventDate "2020.01.??"]
[EventType "swiss"]
[EventRounds "5"]
[EventCountry "WLS"]

1. d4 d5 2. Bf4 Nf6 3. e3 c5 4. Nc3 cxd4 5. exd4 Nc6 6. Nb5 e5 7. dxe5 Bg4 8.
f3 Ne4 9. Qxd5 Qa5+ 10. c3 Bf5 11. fxe4 Rd8 12. Nd6+ Bxd6 13. Qxa5 Nxa5 14.
exf5 Bc7 15. Bb5+ Nc6 16. Nf3 O-O 17. Bxc6 bxc6 18. Rd1 Rb8 19. b3 Rfe8 20. Rd7
Bb6 21. e6 Rbd8 22. Rxd8 Rxd8 23. e7 Re8 24. Bd6 Bd8 25. Kd1 Bxe7 26. Bxe7 Rxe7
27. Re1 Rd7+ 28. Kc2 Kf8 29. a4 a5 30. Re5 Re7 31. Rxe7 Kxe7 32. Ne5 c5 33.
Nc6+ Kf6 34. Nxa5 Kxf5 35. Nc4 h5 36. a5 h4 37. a6 g5 38. a7 1-0

[Event "South Wales New Year Major"]
[Site "Bridgend"]
[Date "2020.01.05"]
[Round "4.4"]
[White "Chung, Daniel"]
[Black "Peters, Chris"]
[Result "1/2-1/2"]
[WhiteElo "1642"]
[BlackElo "1542"]
[PlyCount "44"]
[EventDate "2020.01.??"]
[EventType "swiss"]
[EventRounds "5"]
[EventCountry "WLS"]

1. d4 Nf6 2. c4 g6 3. Nc3 d5 4. cxd5 Nxd5 5. e4 Nxc3 6. bxc3 Bg7 7. Nf3 O-O 8.
Be2 c5 9. O-O Nc6 10. Be3 cxd4 11. Nxd4 Nxd4 12. cxd4 Bd7 13. Rb1 b6 14. Bf3
Rc8 15. Qd2 Ba4 16. Rfc1 Qd7 17. d5 Rxc1+ 18. Rxc1 Rc8 19. Be2 Rxc1+ 20. Qxc1
Bb5 21. Bc4 Bxc4 22. Qxc4 Be5 1/2-1/2

[Event "South Wales New Year Major"]
[Site "Bridgend"]
[Date "2020.01.05"]
[Round "4.5"]
[White "Wu, Yuxuan"]
[Black "Havard, Gwyn"]
[Result "0-1"]
[WhiteElo "1440"]
[BlackElo "1622"]
[PlyCount "78"]
[EventDate "2020.01.??"]
[EventType "swiss"]
[EventRounds "5"]
[EventCountry "WLS"]

1. c4 d5 2. cxd5 Nf6 3. g3 Nxd5 4. Bg2 e5 5. d3 Be6 6. Nf3 Nc6 7. O-O Be7 8.
Nc3 Qd7 9. Ng5 Bxg5 10. Bxg5 h6 11. Bd2 O-O 12. Ne4 b6 13. Rc1 Rad8 14. a3 Nd4
15. Nc3 c5 16. e3 Nxc3 17. Rxc3 Nb5 18. e4 Nxc3 19. Bxc3 f6 20. f4 exf4 21.
gxf4 Qxd3 22. Qh5 Bc4 23. Qg4 Qe3+ 24. Kh1 Bxf1 25. Bxf1 Qxe4+ 26. Kg1 Kh7 27.
h4 Qg6 28. Qxg6+ Kxg6 29. Be2 Kf5 30. b4 cxb4 31. Bxb4 Rfe8 32. Bb5 Re4 33. Ba4
Rxb4 34. axb4 Kxf4 35. Kf2 Rd4 36. Bb5 Rxb4 37. Be2 Rb2 38. Kf1 Rxe2 39. Kxe2
a5 0-1

[Event "South Wales New Year Major"]
[Site "Bridgend"]
[Date "2020.01.05"]
[Round "4.6"]
[White "Davies, Milo"]
[Black "Blackmore, Simon"]
[Result "0-1"]
[WhiteElo "1391"]
[BlackElo "1620"]
[PlyCount "64"]
[EventDate "2020.01.??"]
[EventType "swiss"]
[EventRounds "5"]
[EventCountry "WLS"]

1. e4 e5 2. Nf3 Nc6 3. Bc4 Nf6 4. Ng5 d5 5. exd5 Nxd5 6. Qf3 Qxg5 7. Bxd5 Nd4
8. Qe4 Bd6 9. O-O Bf5 10. Bxf7+ Ke7 11. d3 Qf6 12. Qxb7 Kxf7 13. Na3 Rhb8 14.
Qd5+ Be6 15. Qa5 Qe7 16. Qd2 Kg8 17. c3 Nf5 18. Re1 Rf8 19. Qe2 Rae8 20. Nb5
Bc5 21. b4 Bxf2+ 22. Qxf2 Nd4 23. Qb2 Nxb5 24. Rxe5 Qf6 25. Bf4 Qxf4 26. Rxb5
Qe3+ 27. Kh1 Bc4 28. h3 Bxb5 29. Qb3+ Kh8 30. c4 Bc6 31. Qd1 Qxh3+ 32. Kg1
Qxg2# 0-1

[Event "South Wales New Year Major"]
[Site "Bridgend"]
[Date "2020.01.05"]
[Round "4.7"]
[White "Di-Vetta, Andrew"]
[Black "Chwieseni, Edd"]
[Result "1/2-1/2"]
[WhiteElo "1835"]
[BlackElo "1615"]
[PlyCount "82"]
[EventDate "2020.01.??"]
[EventType "swiss"]
[EventRounds "5"]
[EventCountry "WLS"]

1. e4 e5 2. Nf3 Nc6 3. Bb5 a6 4. Ba4 Nf6 5. d3 d6 6. c3 b5 7. Bb3 Be6 8. O-O
Be7 9. Re1 O-O 10. Nbd2 a5 11. d4 exd4 12. cxd4 Bxb3 13. Qxb3 Rb8 14. Qc3 Qd7
15. d5 Ne5 16. Nxe5 dxe5 17. Qxa5 Ra8 18. Qc3 Bd6 19. Nb3 Ra4 20. Qd3 Rfa8 21.
Bg5 Rxa2 22. Bxf6 gxf6 23. Rab1 Kh8 24. Re3 Rg8 25. Rg3 Rxg3 26. hxg3 b4 27.
Qc4 Qg4 28. Nd2 Ra8 29. Qc6 Rg8 30. Re1 h5 31. Nf1 h4 32. f3 Qg5 33. g4 Kh7 34.
Ne3 Kg6 35. Nc4 Qf4 36. Qd7 Qg3 37. Qf5+ Kg7 38. Re2 h3 39. g5 Bc5+ 40. Kf1 h2
41. Qxf6+ Kf8 1/2-1/2

[Event "South Wales New Year Major"]
[Site "Bridgend"]
[Date "2020.01.05"]
[Round "4.8"]
[White "Parri, Deio"]
[Black "Williams, David"]
[Result "1/2-1/2"]
[WhiteElo "1622"]
[BlackElo "1651"]
[PlyCount "82"]
[EventDate "2020.01.??"]
[EventType "swiss"]
[EventRounds "5"]
[EventCountry "WLS"]

1. d4 Nf6 2. c4 c5 3. e3 g6 4. Nc3 Bg7 5. Nf3 O-O 6. Be2 b6 7. O-O Bb7 8. d5 d6
9. e4 a6 10. Bg5 Nbd7 11. Qd2 Qc7 12. Bh6 Rad8 13. Bxg7 Kxg7 14. Nh4 h6 15. f4
e6 16. Bd3 e5 17. Be2 Bc8 18. h3 Nh7 19. Rf2 exf4 20. Qxf4 Ne5 21. Qg3 Ng5 22.
Raf1 Rde8 23. Nf3 Ngxf3+ 24. gxf3 Qe7 25. f4 Nd7 26. h4 Nf6 27. Bd3 Nh5 28. Qh2
f5 29. exf5 Bxf5 30. Bxf5 Rxf5 31. Re2 Qf7 32. Rfe1 Rxe2 33. Qxe2 Rxf4 34. Qe6
Rf6 35. Qxf7+ Kxf7 36. Ne4 Rf5 37. Nxd6+ Kg8 38. Re8+ Rf8 39. Re7 Rf6 40. Re8+
Rf8 41. Re6 Rf6 1/2-1/2

[Event "South Wales New Year Major"]
[Site "Bridgend"]
[Date "2020.01.05"]
[Round "4.9"]
[White "Hurn, Bob"]
[Black "Davies, Gareth"]
[Result "1-0"]
[WhiteElo "1697"]
[BlackElo "1380"]
[PlyCount "67"]
[EventDate "2020.01.??"]
[EventType "swiss"]
[EventRounds "5"]
[EventCountry "WLS"]

1. d4 d5 2. c4 e6 3. Nc3 Nf6 4. cxd5 exd5 5. Bg5 Be7 6. e3 c6 7. Qc2 h6 8. Bh4
Be6 9. Bd3 Nbd7 10. Nge2 O-O 11. O-O Re8 12. f3 Nf8 13. Rad1 Nh5 14. Bf2 g6 15.
e4 Ng7 16. Be3 h5 17. e5 Bf5 18. f4 Bxd3 19. Qxd3 Nf5 20. Bc1 Ne6 21. Kh1 Kg7
22. Ng1 Rh8 23. Nce2 h4 24. Nf3 Rh5 25. Be3 Qh8 26. Kg1 Nxe3 27. Qxe3 Rf5 28.
h3 Rg8 29. Nh2 Kf8 30. Ng4 Qg7 31. Qb3 Nd8 32. Rf2 g5 33. Qd3 Qg6 34. Ne3 1-0

[Event "South Wales New Year Major"]
[Site "Bridgend"]
[Date "2020.01.05"]
[Round "4.10"]
[White "Davies, Tom"]
[Black "Wang, Andy"]
[Result "0-1"]
[WhiteElo "1516"]
[BlackElo "1438"]
[PlyCount "94"]
[EventDate "2020.01.??"]
[EventType "swiss"]
[EventRounds "5"]
[EventCountry "WLS"]

1. e4 e5 2. Nf3 Nc6 3. Bc4 Bc5 4. c3 d6 5. d4 exd4 6. cxd4 Bb6 7. O-O Bg4 8.
Bxf7+ Kxf7 9. Ng5+ Qxg5 10. Qb3+ Be6 11. Qxe6+ Kxe6 12. d5+ Qxd5 13. exd5+ Kxd5
14. Re1 Ne5 15. Kf1 Kc6 16. Rd1 Nf6 17. Bf4 Rae8 18. Nc3 Re6 19. Rac1 Kd7 20.
Rc2 Rhe8 21. b4 R8e7 22. a4 a5 23. bxa5 Bxa5 24. Bg5 Bxc3 25. Rxc3 Nc6 26. Be3
Re5 27. g3 Nd5 28. Rb3 Nxe3+ 29. fxe3 Rxe3 30. Rxb7 Ra3 31. Rb2 Rxa4 32. Rf2
Ra8 33. Re1 Rxe1+ 34. Kxe1 Ra1+ 35. Ke2 Ra2+ 36. Ke3 Rxf2 37. Kxf2 Ke6 38. Ke3
h5 39. Kf4 Kf6 40. h4 d5 41. g4 hxg4 42. Kxg4 d4 43. h5 d3 44. Kf3 Nb4 45. Ke3
c5 46. Kd2 Kg5 47. Kc3 Kxh5 0-1

[Event "South Wales New Year Major"]
[Site "Bridgend"]
[Date "2020.01.05"]
[Round "4.11"]
[White "Loog, Tiiu"]
[Black "Smith, Chris"]
[Result "1-0"]
[WhiteElo "1398"]
[BlackElo "1486"]
[PlyCount "81"]
[EventDate "2020.01.??"]
[EventType "swiss"]
[EventRounds "5"]
[EventCountry "WLS"]

1. e4 d6 2. d4 Nf6 3. Nc3 g6 4. Nf3 Bg7 5. Bd3 O-O 6. h3 c6 7. O-O b5 8. a3 Bb7
9. Be3 a6 10. Qd2 Nbd7 11. Bh6 c5 12. Bxg7 Kxg7 13. dxc5 Nxc5 14. Rfe1 Rc8 15.
e5 Bxf3 16. exf6+ exf6 17. gxf3 Nxd3 18. Qxd3 Qd7 19. f4 Rc5 20. Re3 Rh5 21.
Kh2 Rc8 22. b4 Rc4 23. Re4 Rc8 24. Rg1 Qc7 25. Nd1 Qxc2 26. Qxc2 Rxc2 27. Rd4
Ra2 28. Rg3 d5 29. Kg2 Rf5 30. Ne3 Rh5 31. Nxd5 Rc2 32. Rc3 Rxc3 33. Nxc3 g5
34. fxg5 fxg5 35. Rd6 Rh6 36. Rxh6 Kxh6 37. Nd5 Kg6 38. Nc7 Kf6 39. Nxa6 Ke6
40. Nc7+ Kd6 41. Nxb5+ 1-0

[Event "South Wales New Year Major"]
[Site "Bridgend"]
[Date "2020.01.05"]
[Round "4.12"]
[White "Gamare, Swar"]
[Black "Owen, Bob"]
[Result "0-1"]
[WhiteElo "850"]
[BlackElo "1303"]
[PlyCount "90"]
[EventDate "2020.01.??"]
[EventType "swiss"]
[EventRounds "5"]
[EventCountry "WLS"]

1. d4 d5 2. Bf4 e6 3. e3 Nf6 4. c3 Nbd7 5. Nf3 c5 6. Ne5 Nxe5 7. dxe5 Nd7 8.
Nd2 h6 9. h3 a5 10. a4 b6 11. c4 Bb7 12. Nb1 Be7 13. Nc3 dxc4 14. Bxc4 Bxg2 15.
Rh2 Bc6 16. Bb5 Qc7 17. Bxc6 Qxc6 18. Nb5 O-O 19. Qg4 g5 20. Rg2 f5 21. Qg3 Rf7
22. h4 Rg7 23. Qh2 gxf4 24. Rxg7+ Kxg7 25. exf4 Qe4+ 26. Kf1 Rg8 27. Qg2+ Qxg2+
28. Kxg2 Kf7+ 29. Kf1 Rg4 30. Rd1 Nf8 31. Nd6+ Kg6 32. Nc8 Bxh4 33. Ne7+ Bxe7
34. Rd3 Rxf4 35. Rb3 Rb4 36. Rxb4 cxb4 37. b3 Nd7 38. f4 Nc5 39. Ke2 Nxb3 40.
Kd3 h5 41. Kc4 Nc5 42. Kb5 b3 43. Kc6 b2 44. Kxb6 b1=Q+ 45. Ka7 Qb7# 0-1